Catálogo
 En Linea

Teoría y práctica de la guerra política / (Registro nro. 23290)

Detalles MARC
000 -CABECERA
campo de control de longitud fija 00626nam a2200193 a 4500
001 - NÚMERO DE CONTROL
campo de control 000023794
005 - FECHA Y HORA DE LA ÚLTIMA TRANSACCIÓN
campo de control 20200930022455.0
008 - DATOS DE LONGITUD FIJA--INFORMACIÓN GENERAL
campo de control de longitud fija 110113s1973 ch r 000 | spa d
040 ## - FUENTE DE LA CATALOGACIÓN
Centro catalogador/agencia de origen DO-SdBNP
Lengua de catalogación spa
Centro/agencia transcriptor BNPHU
082 ## - NÚMERO DE LA CLASIFICACIÓN DECIMAL DEWEY
Número de clasificación xxx
Número de documento/Ítem S546t, 1973
049 ## - FONDOS LOCALES (OCLC)
Fondos de biblioteca BNGR
100 1# - ENTRADA PRINCIPAL--NOMBRE DE PERSONA
Nombre de persona Sheng, Wang
9 (RLIN) 48978
245 10 - MENCIÓN DE TÍTULO
Título Teoría y práctica de la guerra política /
Mención de responsabilidad, etc. Sheng Wang; traducción Chang de Kuan-t'Sao; introducción de Chian Chien-jen.
250 ## - MENCIÓN DE EDICIÓN
Mención de edición 5a ed.
260 ## - PUBLICACIÓN, DISTRIBUCIÓN, ETC.
Lugar de publicación, distribución, etc. Taipei, Taiwan :
Nombre del editor, distribuidor, etc. [s.n.],
Fecha de publicación, distribución, etc. 1973.
300 ## - DESCRIPCIÓN FÍSICA
Extensión 201 p. ;
Dimensiones 21 cm.
700 1# - PUNTO DE ACCESO ADICIONAL--NOMBRE DE PERSONA
Nombre de persona Chang de Kuan-t'Sao
Término indicativo de función/relación tr
9 (RLIN) 48979
700 1# - PUNTO DE ACCESO ADICIONAL--NOMBRE DE PERSONA
Nombre de persona Chian Chien-jen
Término indicativo de función/relación introd.
9 (RLIN) 48980
Existencias
Estado de retiro Estado de pérdida Restricciones de uso No para préstamo Código de colección Localización permanente Ubicación/localización actual Ubicación en estantería Fecha de adquisición Número de inventario Total de préstamos Signatura topográfica completa Código de barras Fecha visto por última vez Precio válido a partir de Tipo de ítem Koha
      Excluido de préstamo Monografías: Libros y Folletos General General En catalogación 13.01.2011 LF1   xxx S546t, 1973 23794-10 25.06.2020 25.06.2020 No se presta

Con tecnología Koha